书目信息 |
| 书名: | Health | |
| 作者: | Richard Yarian. | |
| 分册号: | ||
| 分册名: | 出版地: | Sluice Dock : |
|
| 出版社: | Dushkin/McGraw.Hill | |
| 出版时间: | 1998. | |
| 页数: | 240 p. ; | |
| 开本: | 29cm. | |
| 丛书名: | ||
| 中图分类号: | ||
| 科图分类号: | ||
| 其他分类号: | R55 | |
| 主题词: | ||
| 电子资源: | ||
| 000 | 00405nam 2200157 a 4500 | |
| 001 | E0135786246 | |
| 005 | 2001121709562621 | |
| 008 | 011217s1998 00010 eng | |
| 020 | @a0-697-37281-2 :@cRMB 12.00. | |
| 040 | @aPFT@beng | |
| 090 | @aR55 | |
| 099 | @dR55@eY26 | |
| 245 | @aHealth / @cRichard Yarian. | |
| 250 | @a18th.ed. | |
| 260 | @aSluice Dock :@bDushkin/McGraw.Hill,@c1998. | |
| 300 | @a240 p. ;@c29cm. | |
| Health / / Richard Yarian.-18th.ed.-Sluice Dock : : Dushkin/McGraw.Hill, , 1998. |
| 240 p. ; ; 29cm. |
| ISBN 0-697-37281-2 :RMB 12.00. |
| ● |
| 相关链接 |
|
|
|
正题名:Health
索取号:R55/Y26
 
预约/预借
| 序号 | 登录号 | 条形码 | 馆藏地/架位号 | 状态 | 备注 |
| 1 | 0708 | 300007089 | 自科库401/401自科库 18排3列4层/ [索取号:R55/Y26] | 在馆 |